000 00850nam a22002417a 4500
003 UA-OsUOA
001 124112
007 ta
008 20170727b un ||||| |||| 00| 0 ukr d
100 _aГолик Ю. В.
090 _a343.2/.7(470+571)
_bГ60
942 _cBK
040 _aUA-OsUOA
_brus
_cUA-OsUOA
_dUA-OsUOA
245 _aСоциалистическая идея и необходимость ее отражения в уголовном законе и в уголовном праве
_bаналитический доклад
300 _a66 с.
955 _a1
041 _arus
080 _a343.2/.7(470+571)
020 _a978-5-94201-522-0
260 _aСПб
_bЮридический центр Пресс
_c2007
650 7 _a343 Кримінальне право. Карні порушення
_2UDC
999 _c411340
_d411340